Lo audiovisual en expansión /
Uloženo v:
| Hlavní autor: | |
|---|---|
| Médium: | Kniha |
| Jazyk: | Spanish |
| Vydáno: |
Caracas, Venezuela
Monte Avila Editores
1971
|
| Edice: | Colección Estudios
|
| Témata: | |
| Tagy: |
Přidat tag
Žádné tagy, Buďte první, kdo vytvoří štítek k tomuto záznamu!
|
MARC
| LEADER | 00000nam a22000007a 4500 | ||
|---|---|---|---|
| 003 | cru CIDCACS/IIS | ||
| 005 | 20200925161304.0 | ||
| 008 | 170324b1971 ve o|||| |||| 00| 0 spa d | ||
| 040 | |c CRAI/IIS |a CRAI/IIS | ||
| 090 | |a 08.16.04 D111a | ||
| 100 | 1 | |9 3715 |a D' Amico, Margarita | |
| 245 | 1 | 3 | |a Lo audiovisual en expansión / |c Margarita D' Amico |
| 260 | |a Caracas, Venezuela |b Monte Avila Editores |c 1971 | ||
| 300 | |a 526 páginas | ||
| 440 | 0 | |9 3716 |a Colección Estudios | |
| 500 | |a Colección Alforja | ||
| 650 | 1 | 0 | |9 1718 |a TECNOLOGIA AUDIOVISUAL |
| 650 | 1 | 0 | |9 614 |a CINE |
| 650 | 1 | 0 | |9 1673 |a TELEVISION |
| 650 | 1 | 0 | |9 3717 |a MEDIOS AUDIOVISUALES |
| 650 | 1 | 0 | |9 296 |a TECNICAS DE LA IMAGEN |
| 942 | |2 ddc |c LI | ||
| 999 | |c 19055 |d 19055 | ||
